Historia de la villa de Baena / (Record no. 149828)

MARC details
000 -LEADER
campo de control de longitud fija 00645nam a2200181 i 4500
001 - NÚMERO DE CONTROL
campo de control 149828
003 - IDENTIFICADOR DE NÚMERO DE CONTROL
campo de control ES-MaACL
005 - FECHA Y HORA DE LA ÚLTIMA TRANSACCIÓN
campo de control 20230906203257.0
007 - CAMPO FIJO DE DESCRIPCIÓN FÍSICA--INFORMACIÓN GENERAL
campo de control de longitud fija t|
008 - DATOS DE LONGITUD FIJA--INFORMACIÓN GENERAL
campo de control de longitud fija 071024s1903 sp ||||1| spa d
100 1# - ENTRADA PRINCIPAL--NOMBRE DE PERSONA
Nombre de persona Valverde y Perales, Francisco.
9 (RLIN) 113023
245 10 - MENCIÓN DEL TÍTULO
Título Historia de la villa de Baena /
Mención de responsabilidad, etc. por Francisco Valverde y Perales ; prólogo de Rodrigo Amador de los Ríos.
260 ## - PUBLICACIÓN, DISTRIBUCIÓN, ETC.
Lugar de publicación, distribución, etc. Toledo :
Nombre del editor, distribuidor, etc. [s.n.],
Fecha de publicación, distribución, etc. 1903 (
Fabricante Imp. Vda. e hijos de J. Pelèz)
300 ## - DESCRIPCIÓN FÍSICA
Extensión XXV, 527 p. ;
Dimensiones 25 cm.
651 #4 - PUNTO DE ACCESO ADICIONAL DE MATERIA--NOMBRE GEOGRÁFICO
Nombre geográfico Baena-
Subdivisión general Historia.
9 (RLIN) 157814
700 1# - ENTRADA AGREGADA--NOMBRE PERSONAL
Nombre de persona Amador de los Ríos y Fernández de Villalta, Rodrigo.
9 (RLIN) 149674
852 ## - LOCALIZACIÓN
Ubicación ES-MaACL
Número de control de estantería G-4933
Holdings
Estatus retirado Estado de pérdida Estado de daño No para préstamo Biblioteca de origen Biblioteca actual Ubicación en estantería Fecha de adquisición Fuente de adquisición Total de préstamos Signatura topográfica completa Código de barras Visto por última vez Precio de reemplazo Tipo de ítem Koha
        Biblioteca del Ateneo de Madrid Biblioteca del Ateneo de Madrid Depósito 2 17/01/2008     G-4933 1156347 23/02/2023 23/02/2023 Libro impreso